01638cam a22003854i 4500003000900000005001700009008004100026035001900067040003300086082002300119100003200142245008900174264003900263300003800302336002100340337002500361338002300386490004200409504002800451505058000479526001001059526001001069526001001079526001001089526000801099526000801107526000801115526000801123526000801131526000801139526000801147541001401155630005301169700003001222PE-LiUPU20250731173349.0150706s1999 miu rb 000 0 eng d a(Sirsi) a48091 aPE-LiUPUbspacPE-LiUPUerda04a220.7bICC19992211 aMarshall, I Howard,eautor.12aA critical and exegetical commentary on the pastoral epistles /cI. Howard Marshall. 1aEdinburgh :bT[and]T Clark,c1999. a869 páginas ;c22 centímetros atext2rdacontent aunmediated2rdamedia avolume2rdacarrier0 aThe International critical commentary aIncluye bibliografía.0 aThe letter to Titus -- Opening salutation (1. 1-4) -- Body of the letter - instructions to the church leader (1.5-3.11) -- The appointment of elders and the danger from opponents (1.5-16) -- The first letter to Timothy -- Opening salutation (1.1-2) -- Body of the letter -Teachers and church leader (1.3-3.16) -- Instruction to avoid false doctrine (1.3-20) -- The second letter to Timothy -- Salutation (1.1-2) -- Body of the letter - Timothy as a church leader (1.3-4.8) -- The need for Timothy to show courage and to hold fast to the gospel (1.3-18) -- List of excursuses. aSEG42 aSEG41 aSEG40 aSEG39 aP94 aP87 aP86 aP85 aP77 aP76 aP35 g10624103;04aBibli.pN.T.pEpistolas pastoralesxComentarios.1 aTowner, Philip H,ecolab.